| 000 | 01083nam a2200277 a 4500 | ||
|---|---|---|---|
| 001 | 000006125 | ||
| 005 | 20200929151936.0 | ||
| 008 | 090826s2004 dr a 001 0 spa d | ||
| 040 |
_aDO-SdBNP _bspa _cBNPHU |
||
| 082 |
_a370.12 _bC352c |
||
| 100 | 1 |
_aCastillo, Félix _917239 |
|
| 245 | 1 | 3 |
_aEl constructivismo : _buna propuesta humanística de la educación / _cFélix A. Castillo, Genaro Fernández. |
| 260 |
_aSanto Domingo : _bUASD, _c2004. |
||
| 300 |
_a253 p. : _bil ; _c21 cm. |
||
| 490 | 1 |
_aPublicaciones de la Universidad Autónoma de Santo Domingo _v1154 |
|
| 490 | 1 |
_aEducación y sociedad _v56 |
|
| 500 | _aIncluye bibliografía y notas al pie de páginas. | ||
| 590 | _aInventariado, 2018/LP | ||
| 650 | 4 |
_aConstructivismo (educación) _917240 |
|
| 650 | 4 |
_aTeoría piagetiana _917241 |
|
| 650 | 4 |
_aEducación humanística _xTeorías _917242 |
|
| 700 | 1 |
_aFernández, Genaro _917243 |
|
| 830 | 0 |
_aPublicaciones de la Universidad Autónoma de Santo Domingo ; _n1154 _917244 |
|
| 830 | 0 |
_aEducación y sociedad ; _n56 _917245 |
|
| 910 | _aValidado. Control de calidad EMS | ||
| 999 |
_c5921 _d5921 |
||